|
|
|
|
| LEADER |
00000nam a22000007a 4500 |
| 005 |
20170213232047.0 |
| 007 |
cr|||| |||| |
| 008 |
170213s2016 br |||||s|||| 00||0 por d |
| 020 |
|
|
|a 978-85-7456-328-2
|
| 035 |
|
|
|a 14721
|
| 040 |
|
|
|a vLex
|
| 090 |
|
|
|c 6532
|d 6532
|
| 100 |
1 |
|
|a Feigelson Deutsch, Simone
|
| 245 |
1 |
0 |
|a Perc̕ias de engenharia
|h [Recurso electrn̤ico] :
|b A apuraȯ̂ dos fatos /
|c Simone Feigelson Deutsch
|
| 256 |
|
|
|a Servicio en ln̕ea
|
| 260 |
|
|
|a San Pablo:
|b LEUD - Livraria e Editora Universitr̀ia de Direito,
|c 2016
|
| 300 |
|
|
|a 1 recurso electrn̤ico
|
| 506 |
1 |
|
|a Disponible solo en los productos indicados
|d vLex Global
|d vLex Global (Academic Edition, excluding Law Schools)
|d vLex Global (U.S. Academic Edition, Law Schools)
|d vLex Global (U.S. Academic Edition, excluding Law Schools)
|d vLex Global (Academic Edition, Law Schools)
|
| 650 |
0 |
4 |
|a Derecho Pb︢lico y Administrativo
|z Brasil
|
| 740 |
0 |
|
|a vLex Libros (Servicio en ln̕ea)
|
| 856 |
4 |
0 |
|u http://vlex.com/source/pericias-engenharia-14721
|z Acceso restringido
|
| 942 |
|
|
|c BOOK
|
| 999 |
0 |
|
|a Public and Administrative Law
|